Mag7 (Magnificent Seven) stocks - Statistics

General Stats
  • This quiz has been taken 18 times
  • The average score is 6 of 7
Answer Stats
Answer % Correct
amazon
100%
google
94%
nvidia
94%
apple
88%
tesla
88%
meta
75%
microsoft
75%
No matching quizzes found
Score Distribution
Percent of People with Each Score
Percentile by Number Answered
Your Score History
You have not taken this quiz